Bezpečnostné zariadenie na automatickú kontrolu otvárania strešných okien, okien alebo dverí

Bibliographic Details
Main Author: Caoduro, Carlo (Author)
Format: Book
Language:Slovak
Published: [Banská Bystrica] Úrad priemyselného vlastníctva Slovenskej republiky [2006]

MARC

LEADER 00000nam a2200000 a 4500
001 vtls008832507
003 SK-MaSNL
005 20260301165623.0
008 240318s2006 xo d j o000 0 slo
013 |a 285 117  |b it  |c patentový spis  |d 20060601  |e dátum nadobudnutia účinkov patentu (Vestník ÚPV SR č.: 6/2006)  |d 20060526  |e dátum sprístupnenia patentu verejnosti 
013 |a 1823-98  |e číslo prihlášky  |d 19980506  |e dátum podania prihlášky  |d 20000118  |e dátum zverejnenia prihlášky (Vestník ÚPV SR č.: 01/2000) 
013 |a V197A000067  |e číslo prioritnej prihlášky  |d 19970508  |e dátum podania prioritnej prihlášky 
040 |a SNK  |b slo  |c SNK  |e AACR2 
100 1 |a Caoduro, Carlo  |4 aut  |9 472242 
245 1 0 |a Bezpečnostné zariadenie na automatickú kontrolu otvárania strešných okien, okien alebo dverí 
260 |a [Banská Bystrica]  |b Úrad priemyselného vlastníctva Slovenskej republiky  |c [2006] 
999 |c 824913  |d 826843 
952 |a SNK  |b SNK  |y PREZ  |7 0  |p 17A0516780  |o snkSK 285117  |i snk2006/14431  |8 0  |0 0  |1 0  |4 0  |d 2006-07-21  |l 0  |r 2026-02-24 03:18:08  |w 2026-02-24